| 000 | 02069nam0a2200421 4500 | ||
|---|---|---|---|
| 001 | RU\NLR\bibl\1065896 | ||
| 005 | 20260405165233.0 | ||
| 010 | _a5-7493-1072-8 | ||
| 010 |
_a978-5-7493-1072-6 _9300 |
||
| 021 |
_aRU _b2007-10110 _9536 |
||
| 035 | _a(nilc)RSL-KNO-003047477 | ||
| 035 | _a(NLR Aleph) 001053149 | ||
| 090 |
_a891413 _c891413 |
||
| 100 | _a20070301d2006 |||y0rusy50 ca | ||
| 101 | 0 | _arus | |
| 102 | _aRU | ||
| 105 | _aa z ||||| | ||
| 106 | _ar | ||
| 200 | 1 |
_aЛипидный дистресс-синдром при спаечной болезни _fА. П. Власов, О. Ю. Рубцов, В. А. Трофимов |
|
| 210 |
_aСаранск _cКрасный Октябрь _d2006 |
||
| 215 |
_a278, [1] с., [4] л. цв. ил. _cил., табл. _d21 |
||
| 320 | _aБиблиогр.: с. 235-273 | ||
| 606 | 1 |
_aСпаечная болезнь _xЭтиология и патогенез _xРоль расстройств липидного обмена _92471450 _3RU\NLR\auth\661467824 |
|
| 610 | 0 | _aЗдравоохранение. Медицинские науки -- Хирургия -- Абдоминальная хирургия -- Операции на органах брюшной полости -- Послеоперационные осложнения -- Пособие для специалистов | |
| 610 | 0 | _aспаечная болезнь | |
| 610 | 0 | _aлипидный дистресс-синдром | |
| 686 |
_aР457.445-387,07 _2rubbk |
||
| 686 | _aР457.4-387 | ||
| 700 | 1 |
_4070 _8rus _7ca _aВласов _bА. П. _cд-р мед. наук _gАлексей Петрович _3RU\NLR\auth\7730143 _913170 |
|
| 701 | 1 |
_aРубцов _bО. Ю. _gОлег Юрьевич _4070 |
|
| 701 | 1 |
_4070 _8rus _7ca _aТрофимов _bВ. А. _cд-р биол. наук _f1962- _gВладимир Александрович _3RU\NLR\auth\7771150 _954078 |
|
| 801 | 0 |
_aRU _bРКП _c20070301 _grcr |
|
| 801 | 1 |
_aRU _bРГБ _c20070301 |
|
| 801 | 2 |
_aRU _bNLR _c20070329 _grcr |
|
| 942 | _cBOOK | ||
| 980 | _aNB | ||
| 980 | _aNBR | ||